| Tag |
First Indicator |
Second Indicator |
Subfields |
| LEADER |
00000cam a2200000 a 4500 |
| 001 |
in00002744821 |
| 005 |
20211120164359.0 |
| 006 |
m d f |
| 007 |
cr bn||||||||| |
| 008 |
120228s2011 dcu o f000 0 eng c |
| 035 |
|
|
|a (OCoLC)ocn778448322
|
| 040 |
|
|
|a GPO
|c GPO
|d MvI
|d UtOrBLW
|
| 042 |
|
|
|a pcc
|
| 043 |
|
|
|a n-us-tx
|
| 049 |
|
|
|a WWW
|
| 074 |
|
|
|a 0985-O (online)
|
| 086 |
0 |
|
|a VA 1.118:10-03770-125
|
| 088 |
|
|
|a 10-03770-125
|
| 110 |
1 |
|
|a United States.
|b Department of Veterans Affairs.
|b Office of Audits & Evaluations.
|
| 245 |
1 |
0 |
|a Inspection of the VA Regional Office, Houston, Texas.
|
| 264 |
|
1 |
|a [Washington, D.C.] :
|b VA Office of Inspector General, Office of Audits and Evaluation,
|c [2011]
|
| 300 |
|
|
|a 1 online resource (iii, 27 pages)
|
| 336 |
|
|
|a text
|b txt
|2 rdacontent
|
| 337 |
|
|
|a computer
|b c
|2 rdamedia
|
| 338 |
|
|
|a online resource
|b cr
|2 rdacarrier
|
| 500 |
|
|
|a Title from title screen (viewed on Feb. 28, 2012).
|
| 500 |
|
|
|a "March 21, 2011."
|
| 500 |
|
|
|a "10-03770-125."
|
| 500 |
|
|
|a Electronic resource.
|
| 650 |
|
0 |
|a Veterans
|x Services for
|z Texas
|z Houston
|x Evaluation.
|
| 650 |
|
0 |
|a Veterans
|x Medical care
|z Texas
|z Houston
|x Evaluation.
|
| 856 |
4 |
0 |
|u https://purl.fdlp.gov/GPO/gpo19412
|t 0
|
| 999 |
|
|
|a MARS
|
| 999 |
f |
f |
|s 91fdf7aa-c926-345a-8c8f-7fcc5090d7d4
|i 5ef9302c-53a0-31ce-a15a-ea80858d566f
|t 0
|
| 952 |
f |
f |
|a Texas A&M University
|b College Station
|c Electronic Resources
|d Available Online
|t 0
|e VA 1.118:10-03770-125
|h Superintendent of Documents classification
|
| 998 |
f |
f |
|a VA 1.118:10-03770-125
|t 0
|l Available Online
|